1645 1048 1231 1336 1396 1901 1768 1670 1903 1586 1121 1409 1455 1639 1473 1937 1676 1744 1002 1259 1661 1519 1258 1796 1318 1993 1569 1399 1400 1495 1145 1992 1416 1729 1815 1818 1146 1904 1524 1565 1081 1282 1959 1673 1720 1231 1600 1687 1958 1435 1403 1247 1589 1955 1851 1957 1076 1581 1921 1394 1423 1505 1849 1039 1608 1579 1727 1560 1978 1429 1033 1761 1624 1145 1597 1184 1166 1042 1882 1822 1556 1500 1227 1598 1574 1034 1412 1717 1136 1580 1402 1753 1453 1583 1878 1825 1806 1715 1384 BCNSPRNW ULIB Ver.6.0+V

เปลี่ยนเป็นภาษาไทย

Change to English
 แสดงรายละเอียดบรรณานุกรม
  กลับหน้าหลัก

Brief Record : Get Marc (ISO 2709) : E-mail record : QR code < ปิดหน้าต่าง
LEADER : 00000nam 2200000uu 4500
001    13399126552
003     ULIB
008    181019s2018||||th 000 0 tha d
020    ^a9781496365323
060    ^aWY157.3^bF574M
100    ^aJoAnne Silbert-Flagg and Adele Pillitteri
245    ^aMaternal and Child Health Nursing & CARE OF THE CHILDBEARING CHILDREARING FAMILY
250    ^a8th ed
260    ^aPhiladelphia :^bWolters Kluwer,^c2018
300    ^a1659 pages;^b30 cm
650    ^aMaternal-Child Nursing
650    ^aFamily Health
650    ^aHolistic Nursing
945    ^p0^l0^i26820
999    ^aกัณชพร จุลอักษร
รายการนี้ยังไม่มีแท็ก
คุณยังไม่ได้ล็อกอิน คุณสามารถมีกิจกรรมร่วมกับเว็บไซต์ได้ แต่ต้องล็อกอินก่อน ::
  ล็อกอิน

รายการสื่อสารสนเทศ

ลำดับที่ ประเภท เลขเรียก/บาร์โค้ด สถานที่ สถานะ
1. วิทยาศาสตร์การแพทย์ และสุขภาพ
วิทยาศาสตร์การแพทย์ และสุขภาพ
WY157.3 F574M ฉ.1 
  Barcode: 26820
ห้องสมุดวิทยาเขตนครสวรรค์
►หนังสือทั่วไป:l:General Books
บนชั้น

รายการใกล้เคียง
    ผู้แต่ง [JoAnne Silbert-Flagg and Adele Pillitteri]

    หัวเรื่อง [Maternal-Child Nursing]
    หัวเรื่อง [Family Health]
    หัวเรื่อง [Holistic Nursing]

BibComment


ยังไม่เคยถูกคอมเมนท์

คอมเมนท์ทรัพยากรรายการนี้
  คอมเมนท์: Maternal and Chi..


 Copyright 2026. Bcnsprnw @Library